Statistics for Countries That Border Turkey

Click here to take the quiz!

General Stats

  • This quiz has been taken 25 times
  • The average score is 8 of 8

Answer Stats

LengthCountry% Correct
212 kmGreece
100%
311 kmArmenia
95%
17 kmAzerbaijan
95%
269 kmBulgaria
95%
534 kmIran
95%
909 kmSyria
95%
273 kmGeorgia
89%
367 kmIraq
89%

Score Distribution

Percentile by Number Answered

Percent of People with Each Score

Your Score History

You have not taken this quiz